Иосиф Флавий. Историк и общество / (ბიბ.ჩანაწერი № 61095)
[ მარტივი ფორმატი ]
| 000 -LEADER | |
|---|---|
| fixed length control field | 00627nam a22001817a 4500 |
| 005 - DATE AND TIME OF LATEST TRANSACTION | |
| control field | 20231219115313.0 |
| 008 - FIXED-LENGTH DATA ELEMENTS--GENERAL INFORMATION | |
| fixed length control field | 231219s1993 ru ||||| |||| 00| 0 rus d |
| 020 ## - INTERNATIONAL STANDARD BOOK NUMBER | |
| International Standard Book Number | 5734900028 |
| 041 ## - LANGUAGE CODE | |
| Language code of text/sound track or separate title | rus |
| 080 ## - UNIVERSAL DECIMAL CLASSIFICATION NUMBER | |
| Universal Decimal Classification number | 94(3) P-15 |
| 100 ## - MAIN ENTRY--PERSONAL NAME | |
| Personal name | Раджак? Тесса |
| 9 (RLIN) | 20781 |
| 245 ## - TITLE STATEMENT | |
| Title | Иосиф Флавий. Историк и общество / |
| Statement of responsibility, etc. | Тесса Раджак |
| 264 ## - PRODUCTION, PUBLICATION, DISTRIBUTION, MANUFACTURE, AND COPYRIGHT NOTICE | |
| Place of production, publication, distribution, manufacture | Москва, |
| Date of production, publication, distribution, manufacture, or copyright notice | 1993. |
| 300 ## - PHYSICAL DESCRIPTION | |
| Extent | 275 с.; |
| Other physical details | 21 см. |
| 653 ## - INDEX TERM--UNCONTROLLED | |
| keyword | იოსებ ფლავიუსი. ისტორიკოსი და საზოგადოება |
| 653 ## - INDEX TERM--UNCONTROLLED | |
| keyword | ისტორია |
| 942 ## - ADDED ENTRY ELEMENTS (KOHA) | |
| Source of classification or shelving scheme | |
| Koha item type | წიგნი |
არაა ხელმისაწვდომი ეგზემპლარები.
